000 01119cam a22002774a 4500
999 _c25505
_d25505
001 203314
005 20170131124754.0
008 990426s1999 inua 000 0 eng
010 _a 99063015
020 _a0735700265
042 _apcc
050 0 0 _aQA76.3 .M3268 1999
245 0 0 _aMCSD.
_pSolution architectures :
_btraining guide /
_cRandy Cornish ... [et al.].
246 3 0 _aSolution architectures
260 _a[Indianapolis, IN] :
_bNew Riders,
_cc1999.
300 _axxiii, 776 p. :
_bill. ;
_c25 cm. +
_e1 computer optical disc (4 3/4 in.)
650 0 _aElectronic data processing personnel
_xCertification.
650 0 _aMicrosoft software
_xExaminations
_vStudy guides.
650 0 _aComputer architecture
_xExaminations
_vStudy guides.
700 1 _aCornish, Randy.
942 _2lcc
_cBOOKS